| 000 | 01133nam a2200301 a 4500 | ||
|---|---|---|---|
| 001 | vtls001617226 | ||
| 003 | NLI | ||
| 005 | 20210628133920.0 | ||
| 008 | 121214s1923 ii 000 hin | ||
| 039 | 9 |
_y201212141922 _zVLOAD |
|
| 040 |
_aNLI _bhineng _cDatasoft_Hindi _eAACR2 |
||
| 041 | 0 | _ahin | |
| 044 | _a ii | ||
| 084 | 0 | 4 | _a181 |
| 100 | 1 |
_6880-01 _aघोष, कालीप्रसन्न |
|
| 245 | 1 | 0 |
_6880-02 _aसीता की अग्नि परीक्षा / _cकालीप्रसन्न घोष |
| 260 |
_aकलकत्ता : _bहिन्दी पुस्तक एजेंसी, _c1923 |
||
| 300 |
_a119 p. ; _c16 cm. |
||
| 650 | 0 |
_aHindi literature _xHistory and Criticism _9691306 |
|
| 880 | 1 |
_6100-01(B _aGhoṣa, Kālīprasanna |
|
| 880 | 1 | 0 |
_6245-02(B _aSītā kī agni parikṣā / _cKālīprasanna Ghoṣa |
| 887 | _a Afroz 15.03.12(Abrar Ahmmad 11.04.12) | ||
| 901 |
_aIMP1052 _b11.04.2012 |
||
| 902 | _a181 Oc 92.11 | ||
| 904 |
_cAfroz 15.03.12(Abrar Ahmmad 11.04.12) _lO 3791 |
||
| 949 |
_AVIRTUAITEM _D10000 _X100 _6IMP000001052HIN |
||
| 942 |
_2ddc _cBKS |
||
| 999 |
_aVIRTUA40 _c1069174 _d1069174 |
||